00400nam a2200133Ia 4500008004100000020002200041041000800063082002300071100001700094245007600111260005100187300000900238999001900247230519s9999 xx 000 0 und d a978-93-90619-65-8 aeng aA/612.1/GAR/DB1035 aGarg krishna aB D Chaurasia's Applied Anatomy and Physiology for BSc Nursing Students bCBS Publishers & DistributorsaNew Delhic2022 a737p c159616d159616